La batalla de "Las Carreras" (Record no. 79594)

MARC details
000 -LEADER
campo de control de longitud fija 00609nam a2200181 i 4500
001 - NÚMERO DE CONTROL
campo de control 79594
003 - IDENTIFICADOR DE NÚMERO DE CONTROL
campo de control ES-MaACL
005 - FECHA Y HORA DE LA ÚLTIMA TRANSACCIÓN
campo de control 20230906174019.0
007 - CAMPO FIJO DE DESCRIPCIÓN FÍSICA--INFORMACIÓN GENERAL
campo de control de longitud fija t|
008 - DATOS DE LONGITUD FIJA--INFORMACIÓN GENERAL
campo de control de longitud fija 041022s1950 sp |||| | spa d
100 1# - ENTRADA PRINCIPAL--NOMBRE DE PERSONA
Nombre de persona Herrera, César A.
9 (RLIN) 63184
245 13 - MENCIÓN DEL TÍTULO
Título La batalla de "Las Carreras"
Resto del título : sus antecedentes históricos y consecuencias trascendentales /
Mención de responsabilidad, etc. César A. Herrera.
250 ## - MENCION DE EDICION
Mención de edición 2ª ed.
260 ## - PUBLICACIÓN, DISTRIBUCIÓN, ETC.
Lugar de publicación, distribución, etc. Ciudad Trujillo (República Dominicana) :
Nombre del editor, distribuidor, etc. [s.n.],
Fecha de publicación, distribución, etc. 1950 (
Fabricante Imp. Dominicana)
300 ## - DESCRIPCIÓN FÍSICA
Extensión 107 p. ;
Dimensiones 24 cm.
650 #4 - PUNTO DE ACCESO ADICIONAL DE MATERIA--TÉRMINO DE MATERIA
Término de materia o nombre geográfico como elemento de entrada Las Carreras, Batalla de, 1849.
9 (RLIN) 169319
852 ## - LOCALIZACIÓN
Ubicación ES-MaACL
Número de control de estantería C-23964
Holdings
Estatus retirado Estado de pérdida Estado de daño No para préstamo Biblioteca de origen Biblioteca actual Ubicación en estantería Fecha de adquisición Fuente de adquisición Total de préstamos Signatura topográfica completa Código de barras Visto por última vez Precio de reemplazo Tipo de ítem Koha
        Biblioteca del Ateneo de Madrid Biblioteca del Ateneo de Madrid Depósito 2 17/01/2008     C-23964 1083229 23/02/2023 23/02/2023 Libro impreso